Normal view
MARC view
Entry Personal Name
001 - CONTROL NUMBER
- control field: 3791
003 - CONTROL NUMBER IDENTIFIER
- control field: AM-YEHGA
005 - DATE AND TIME OF LATEST TRANSACTION
- control field: 20250617070447.0
008 - FIXED-LENGTH DATA ELEMENTS
- fixed length control field: 090615 a|ac|n|aab||||||||||||a |n|||||||
040 ## - CATALOGING SOURCE
- Original cataloging agency: AM-YEHGA
100 1# - HEADING--PERSONAL NAME
- Personal name: Միրզոյան, Սուրեն Սարոյի,
- Dates associated with a name: 1939-
400 1# - SEE FROM TRACING--PERSONAL NAME
- Personal name: Միրզոյան, Սուրեն Սարոյի
400 1# - SEE FROM TRACING--PERSONAL NAME
- Personal name: Միրզոյան, Սուրեն,
- Dates associated with a name: 1939-
400 1# - SEE FROM TRACING--PERSONAL NAME
- Personal name: Միրզոյան, Սուրեն
400 1# - SEE FROM TRACING--PERSONAL NAME
- Personal name: Мирзоян, Сурен Сароевич,
- Dates associated with a name: 1939-
400 1# - SEE FROM TRACING--PERSONAL NAME
- Personal name: Мирзоян, Сурен Сароевич
400 1# - SEE FROM TRACING--PERSONAL NAME
- Personal name: Mirzoyan, Suren Saroyi,
- Dates associated with a name: 1939-
400 1# - SEE FROM TRACING--PERSONAL NAME
- Personal name: Mirzoyan, Suren Saroyi
670 ## - SOURCE DATA FOUND
- Source citation: Նոյեմբերյանցիների նախնիները XIX դարում, 2009 :
- Information found: Միրզոյան Սուրեն Սարոյի (ծ. 14.1.1939, Նոյեմբերյանի շրջ. Բարեկամավան (Դոստլու) գ-ում)), տնտեսագետ-ապրանքագետ, «Նոյեմբերյան» հաս. կազմ. ակտիվ անդամ: Լույս է ընծայել պատմափաստագրական և ազգաագր. ժանրի աշխատություններ:
670 ## - SOURCE DATA FOUND
- Source citation: Բռնադատվածներ : Քաղաքական բռնաճնշումները Նոյեմբերյանում 1920-1950 թթ., 2005 :
- Information found: տիտղթ. (Սուրեն Սարոյի Միրզոյան)
670 ## - SOURCE DATA FOUND
- Source citation: Պայծառ հավատի խաչակիրը, 2004 :
- Information found: տիտղթ. (Սուրեն Միրզոյան)
ՀՀ Գիտությունների ազգային ակադեմիայի հիմնարար գիտական գրադարան = Fundamental Scientific Library of NAS RA
All site content, except where otherwise noted, is licensed under a